[Event "Titled Tue 10th Jun Late"]
[Site "chess.com INT"]
[Date "2025.06.10"]
[Round "5"]
[White "Xia, Joshua"]
[Black "Urbina Quiroz, Edwin"]
[Result "0-1"]
[WhiteElo "2035"]
[BlackElo "2041"]
[WhiteFideId "30987830"]
[BlackFideId "6500650"]
[EventDate "2025.06.10"]

1. e4 e5 2. Nf3 Nc6 3. Bb5 a6 4. Ba4 Nf6 5. O-O d6 6. d3 g6 7. c4 Bg7 8. Nc3 O-O
9. a3 Bg4 10. Be3 Nd4 11. Bxd4 exd4 12. Ne2 Bxf3 13. gxf3 c5 14. f4 Nh5 15. Kh1
Qh4 16. Ng3 Nxf4 17. Qf3 Be5 18. Bd7 Rad8 19. Ba4 Qh3 20. Rg1 Kh8 21. Rae1 Rb8
22. Bd1 b5 23. b3 bxc4 24. dxc4 a5 25. Bc2 a4 26. bxa4 Rb2 27. Bd1 Rfb8 28. a5
Ra8 29. a4 Rxa5 30. Qa3 Rxf2 31. Nf1 Qxa3 0-1

[Event "Titled Tue 10th Jun Late"]
[Site "chess.com INT"]
[Date "2025.06.10"]
[Round "5"]
[White "Sivakumar, Ashvin"]
[Black "Askarov, Bakhtiyar"]
[Result "0-1"]
[WhiteTitle "FM"]
[BlackTitle "IM"]
[WhiteElo "2175"]
[BlackElo "2297"]
[WhiteFideId "5804655"]
[BlackFideId "13701100"]
[EventDate "2025.06.10"]

1. Nf3 d5 2. g3 Bg4 3. Bg2 Nd7 4. Kf1 e5 5. d3 c6 6. Nbd2 Ngf6 7. h3 Bh5 8. Kg1
Bd6 9. c4 O-O 10. b3 e4 11. dxe4 dxe4 12. Ne1 e3 13. Nf1 exf2+ 14. Kxf2 Bc5+ 15.
Be3 Qb6 16. Nc2 Rfe8 17. b4 Bxe3+ 18. Nfxe3 Ne5 19. c5 Qa6 20. g4 Bg6 21. Bf3
Rad8 22. Qc1 Be4 23. Ne1 Bxf3 24. Nxf3 Ne4+ 25. Kg2 Qxe2+ 0-1

[Event "Titled Tue 10th Jun Late"]
[Site "chess.com INT"]
[Date "2025.06.10"]
[Round "5"]
[White "Marino Bravo, Miguel Angel"]
[Black "Chen, Yidong"]
[Result "0-1"]
[WhiteTitle "CM"]
[WhiteElo "2134"]
[BlackElo "2074"]
[WhiteFideId "2208970"]
[BlackFideId "8607028"]
[EventDate "2025.06.10"]

1. d4 Nf6 2. Bf4 g6 3. e3 Bg7 4. h4 d6 5. h5 Nxh5 6. Rxh5 gxh5 7. Qxh5 e6 8. Nf3
Qf6 9. Bd3 h6 10. Nc3 Bd7 11. O-O-O Nc6 12. Ne4 Qe7 13. Qg4 Bf8 14. Qh5 Bg7 15.
Qb5 O-O-O 16. Qb3 e5 17. dxe5 Nxe5 18. Nxe5 dxe5 19. Bg3 Bc6 20. a4 f5 21. Nc3
e4 22. Bc4 Rxd1+ 23. Kxd1 Rd8+ 24. Kc1 Kb8 25. a5 Be5 26. Bxe5 Qxe5 27. Ne2 Qxa5
28. Nd4 Qe1# 0-1

[Event "Titled Tue 10th Jun Late"]
[Site "chess.com INT"]
[Date "2025.06.10"]
[Round "5"]
[White "Sturt, Raven"]
[Black "Erigaisi, Arjun"]
[Result "0-1"]
[WhiteTitle "GM"]
[BlackTitle "GM"]
[WhiteElo "2459"]
[BlackElo "2782"]
[WhiteFideId "2007304"]
[BlackFideId "35009192"]
[EventDate "2025.06.10"]

1. f4 b6 2. e4 Bb7 3. Nc3 e6 4. Nf3 d5 5. exd5 exd5 6. Ne5 Nf6 7. d4 Bb4 8. Be3
Ne4 9. Bd2 Qh4+ 10. g3 Nxg3 11. hxg3 Qxh1 12. Qg4 O-O 13. O-O-O f5 14. Qe2 Bxc3
15. Bxc3 Ba6 16. Qf2 Bxf1 17. Rxf1 Qh6 18. Bb4 Re8 19. Qg2 Qe6 20. Re1 Nc6 21.
Ba3 Nxd4 22. g4 fxg4 23. Rd1 Nf5 24. Nxg4 Ne3 25. Nxe3 Qxe3+ 26. Kb1 Qe4 27. Qh2
Rad8 28. b3 d4 29. f5 d3 0-1

[Event "Titled Tue 10th Jun Late"]
[Site "chess.com INT"]
[Date "2025.06.10"]
[Round "5"]
[White "Ivanov, Andrey A."]
[Black "Lavorgna, Giovanni"]
[Result "1-0"]
[WhiteTitle "CM"]
[BlackTitle "CM"]
[WhiteElo "2120"]
[BlackElo "1902"]
[WhiteFideId "2514311"]
[BlackFideId "11800100"]
[EventDate "2025.06.10"]

1. Nf3 c5 2. c4 g6 3. Nc3 Nc6 4. d4 cxd4 5. Nxd4 Nf6 6. e4 Nxd4 7. Qxd4 d6 8.
Be2 Bg7 9. Be3 O-O 10. Qd1 a5 11. O-O Bd7 12. Rc1 Bc6 13. f3 Nd7 14. b3 Nc5 15.
a3 Qb6 16. Nd5 Bxd5 17. cxd5 Qxb3 18. Bxc5 Qxd1 19. Rfxd1 dxc5 20. Rxc5 Rfc8 21.
Rb5 Rc3 22. Rxb7 Rxa3 23. Rxe7 Ra2 24. Bc4 Rc2 25. Bb3 Rc3 26. Ba4 Rc4 27. Bc6
a4 28. Bxa8 1-0

[Event "Titled Tue 10th Jun Late"]
[Site "chess.com INT"]
[Date "2025.06.10"]
[Round "5"]
[White "Goldbeck, Lars"]
[Black "Saez Coma, Alejandro"]
[Result "0-1"]
[WhiteTitle "FM"]
[BlackTitle "CM"]
[WhiteElo "2391"]
[BlackElo "2167"]
[WhiteFideId "16208188"]
[BlackFideId "32004818"]
[EventDate "2025.06.10"]

1. e4 c5 2. c3 d5 3. exd5 Qxd5 4. d4 cxd4 5. cxd4 Nc6 6. Nf3 Bg4 7. Nc3 Bxf3 8.
Nxd5 Bxd1 9. Nc7+ Kd8 10. Nxa8 Bh5 11. d5 Nb4 12. Bf4 Nc2+ 13. Kd2 Nxa1 14. Bb5
Nf6 15. Bc7+ Kc8 16. Rc1 Nxd5 17. Bg3+ Kd8 18. Nc7 e6 19. Nxd5 exd5 20. Bc7+ Kc8
21. Be5+ Kd8 22. Bc7+ Ke7 23. Rxa1 Kf6 24. Re1 Bb4+ 0-1

[Event "Titled Tue 10th Jun Late"]
[Site "chess.com INT"]
[Date "2025.06.10"]
[Round "5"]
[White "Silva, Luca"]
[Black "Elier, Ali"]
[Result "1/2-1/2"]
[WhiteTitle "FM"]
[BlackTitle "CM"]
[WhiteElo "2211"]
[BlackElo "2142"]
[WhiteFideId "147370"]
[BlackFideId "16217543"]
[EventDate "2025.06.10"]

1. d4 Nf6 2. c4 g6 3. Nc3 d5 4. cxd5 Nxd5 5. e4 Nxc3 6. bxc3 Bg7 7. Nf3 c5 8.
Bb5+ Bd7 9. Bxd7+ Qxd7 10. O-O cxd4 11. cxd4 Nc6 12. Be3 O-O 13. Rc1 e6 14. Qd2
Rfd8 15. Rfd1 Rac8 16. h4 b6 17. h5 Na5 18. hxg6 hxg6 19. Qb4 Bf8 20. Qb1 Rxc1
21. Rxc1 Rc8 22. Ne5 Rxc1+ 23. Qxc1 Qb7 24. f3 Bg7 25. Bh6 Bf6 26. Bg5 Bh8 27.
Qf4 Nc6 28. Bf6 Nxe5 29. dxe5 Bg7 30. Bxg7 Kxg7 31. Qf6+ Kg8 32. Qd8+ Kg7 33.
Qf6+ Kg8 34. Qd8+ Kg7 35. Qf6+ 1/2-1/2

[Event "Titled Tue 10th Jun Late"]
[Site "chess.com INT"]
[Date "2025.06.10"]
[Round "5"]
[White "Kucza, Karol"]
[Black "Alvarez, Leandro"]
[Result "1-0"]
[WhiteTitle "FM"]
[WhiteElo "2316"]
[BlackElo "2143"]
[WhiteFideId "1159755"]
[BlackFideId "132756"]
[EventDate "2025.06.10"]

1. e4 d6 2. d4 Nf6 3. Nc3 g6 4. Be3 Bg7 5. Qd2 O-O 6. Bh6 c6 7. h4 Qa5 8. Bxg7
Kxg7 9. h5 Nxh5 10. Be2 Nf6 11. Qh6+ Kg8 12. Nf3 Bg4 13. Ng5 Bxe2 14. Kxe2 Nbd7
15. Nxh7 Nh5 16. Ng5 Ndf6 17. Rxh5 gxh5 18. Rh1 Qa6+ 19. Ke1 Qc4 20. Rxh5 Nxh5
21. Qh7# 1-0

[Event "Titled Tue 10th Jun Late"]
[Site "chess.com INT"]
[Date "2025.06.10"]
[Round "5"]
[White "Sharankov, Grigory"]
[Black "Zieba, Hubert"]
[Result "0-1"]
[WhiteTitle "CM"]
[BlackTitle "CM"]
[WhiteElo "2238"]
[BlackElo "2233"]
[WhiteFideId "4168356"]
[BlackFideId "21844704"]
[EventDate "2025.06.10"]

1. c4 c5 2. Nf3 g6 3. g3 Bg7 4. Bg2 Nf6 5. O-O O-O 6. d4 cxd4 7. Qxd4 Nc6 8. Qd2
d6 9. Nc3 Qa5 10. a3 Qh5 11. Qg5 Be6 12. Qxh5 Nxh5 13. Nd5 Nf6 14. Rd1 Rfc8 15.
Bg5 Bxd5 16. cxd5 Na5 17. b4 Nc4 18. Ra2 Ne4 19. Rd3 Nc3 20. Rxc3 Bxc3 21. Bxe7
Re8 22. Bg5 b5 23. Bh3 a5 24. Bd7 axb4 25. Bxe8 b3 26. Bxf7+ Kxf7 0-1

[Event "Titled Tue 10th Jun Late"]
[Site "chess.com INT"]
[Date "2025.06.10"]
[Round "5"]
[White "Thake, Conrad"]
[Black "Md Abu Hanif"]
[Result "0-1"]
[WhiteTitle "CM"]
[BlackTitle "CM"]
[WhiteElo "1873"]
[BlackElo "2100"]
[WhiteFideId "5602947"]
[BlackFideId "10200835"]
[EventDate "2025.06.10"]

1. e4 e6 2. d4 d5 3. e5 c5 4. c3 Nc6 5. Nf3 Qb6 6. Bd3 cxd4 7. O-O Bd7 8. Re1
dxc3 9. Nxc3 Nge7 10. h4 h5 11. Ng5 g6 12. Qf3 Nf5 13. Bxf5 gxf5 14. Nxd5 exd5
15. Qxd5 Nd8 16. Nxf7 Nxf7 17. e6 O-O-O 18. exd7+ Rxd7 19. Re8+ Nd8 20. Qxf5 Bg7
21. Be3 Rxe8 22. Rc1+ Qc6 23. Rxc6+ Nxc6 24. Qxh5 Red8 25. Qf5 Be5 26. h5 Kc7
27. h6 Rd1# 0-1

[Event "Titled Tue 10th Jun Late"]
[Site "chess.com INT"]
[Date "2025.06.10"]
[Round "5"]
[White "Bouska, Jiri"]
[Black "Srihari, L R"]
[Result "0-1"]
[WhiteTitle "FM"]
[BlackTitle "IM"]
[WhiteElo "2318"]
[BlackElo "2480"]
[WhiteFideId "23722223"]
[BlackFideId "46617116"]
[EventDate "2025.06.10"]

1. e4 g6 2. d4 Bg7 3. Nc3 c6 4. Be3 d6 5. a4 Nf6 6. Nf3 O-O 7. Bd3 Ng4 8. Bg5
Qb6 9. Qc1 e5 10. h3 exd4 11. hxg4 dxc3 12. b3 Re8 13. Bh6 Bh8 14. Qf4 Nd7 15.
g5 Ne5 16. Nxe5 Bxe5 17. Qh4 d5 18. O-O dxe4 19. Bxe4 Be6 20. Kh1 Rad8 21. f4
Bh8 22. f5 Bd5 23. Bxd5 Rxd5 24. fxg6 hxg6 25. Rf3 Qd4 26. Raf1 Qxh4+ 0-1

[Event "Titled Tue 10th Jun Late"]
[Site "chess.com INT"]
[Date "2025.06.10"]
[Round "5"]
[White "Tekeyev, Zaur"]
[Black "Henriquez Villagra, Cristobal"]
[Result "0-1"]
[WhiteTitle "IM"]
[BlackTitle "GM"]
[WhiteElo "2407"]
[BlackElo "2597"]
[WhiteFideId "4199731"]
[BlackFideId "3409350"]
[EventDate "2025.06.10"]

1. e4 c6 2. Nf3 d5 3. Nc3 Bg4 4. h3 Bxf3 5. Qxf3 e6 6. Be2 Nf6 7. O-O Bc5 8. Rd1
Bd4 9. Qf4 Bxc3 10. bxc3 Nxe4 11. Ba3 Nd7 12. Rab1 b6 13. Bf3 Qb8 14. Qg4 Qe5
15. d4 Qf5 16. Qxg7 O-O-O 17. Bxe4 dxe4 18. Qg3 Nf6 19. Be7 Rhg8 20. Qh4 Qf3 21.
g3 e3 22. Rf1 Ne4 0-1

[Event "Titled Tue 10th Jun Late"]
[Site "chess.com INT"]
[Date "2025.06.10"]
[Round "5"]
[White "Varela La Madrid, Maria"]
[Black "Marchesich, Giovanni"]
[Result "0-1"]
[WhiteTitle "WFM"]
[BlackTitle "CM"]
[WhiteElo "1981"]
[BlackElo "2189"]
[WhiteFideId "3903346"]
[BlackFideId "2824790"]
[EventDate "2025.06.10"]

1. d4 c5 2. e3 d5 3. Nf3 Nc6 4. Be2 cxd4 5. exd4 Bg4 6. c3 e6 7. O-O Bd6 8. h3
Bh5 9. Re1 Nge7 10. Ne5 Bxe2 11. Qxe2 Bxe5 12. dxe5 O-O 13. Nd2 Rb8 14. Nf3 b5
15. Be3 a5 16. Bc5 Re8 17. Rad1 b4 18. Bd6 Rb7 19. cxb4 Nxb4 20. a3 Nbc6 21. Nd4
Nxd4 22. Rxd4 Nf5 23. Rg4 Nxd6 24. exd6 Qxd6 25. Qe3 Reb8 26. Qd4 g6 27. Re2 Qb6
28. Qf6 Qd8 29. Qe5 Qc7 30. Qf6 Qc1+ 31. Kh2 Rxb2 32. Rf4 Qc7 33. Rxb2 Rxb2 34.
Qxb2 Qxf4+ 35. g3 Qc7 36. Qb5 h5 37. h4 Kh7 38. Kg2 d4 39. g4 hxg4 40. h5 Qf4
41. hxg6+ Kxg6 42. Qxa5 Qf3+ 43. Kg1 d3 44. Qd2 Qe2 45. Qf4 d2 0-1

[Event "Titled Tue 10th Jun Late"]
[Site "chess.com INT"]
[Date "2025.06.10"]
[Round "5"]
[White "Estrada Nieto, Julian"]
[Black "Kislinsky, Alexey"]
[Result "1/2-1/2"]
[WhiteTitle "IM"]
[BlackTitle "GM"]
[WhiteElo "2181"]
[BlackElo "2341"]
[WhiteFideId "5101018"]
[BlackFideId "14108801"]
[EventDate "2025.06.10"]

1. e4 c6 2. d4 d5 3. exd5 cxd5 4. Bd3 Nc6 5. c3 Qc7 6. h3 Nf6 7. Nf3 g6 8. O-O
Bf5 9. Bb5 Bg7 10. Re1 O-O 11. Nbd2 a6 12. Bxc6 bxc6 13. Nb3 Ne4 14. Ng5 Nxg5
15. Bxg5 Rfe8 16. Qd2 e5 17. Bh6 exd4 18. Bxg7 Kxg7 19. Qxd4+ Kg8 20. Nc5 a5 21.
a3 Qd6 22. b4 axb4 23. axb4 Rxa1 24. Rxa1 h5 25. h4 Kh7 26. g3 Bg4 27. Kg2 Qe7
28. Nd3 Bf5 29. Nc5 Bg4 30. Nd3 Bf5 1/2-1/2

[Event "Titled Tue 10th Jun Late"]
[Site "chess.com INT"]
[Date "2025.06.10"]
[Round "5"]
[White "Tokarz, Izabela"]
[Black "Jagirapu, Harshin Reddy"]
[Result "0-1"]
[WhiteTitle "WFM"]
[WhiteElo "2054"]
[BlackElo "2042"]
[WhiteFideId "21849170"]
[BlackFideId "39910679"]
[EventDate "2025.06.10"]

1. d4 d5 2. c4 e6 3. Nf3 Nf6 4. Nc3 c6 5. Bg5 h6 6. Bh4 dxc4 7. e4 g5 8. Bg3 b5
9. h4 g4 10. Ne5 Nbd7 11. Be2 Rg8 12. O-O Bb7 13. Nxd7 Qxd7 14. Be5 Be7 15. Qc1
h5 16. Qf4 Rg6 17. Rad1 a6 18. f3 O-O-O 19. fxg4 hxg4 20. Bxf6 Bxf6 21. h5 Bxd4+
22. Kh1 Rh8 23. Bxg4 Rgh6 24. g3 c5 25. Qxf7 Qd6 26. Rf3 Qe5 27. Qf4 Rxh5+ 28.
Bxh5 Qxh5+ 29. Kg2 Qh3# 0-1

[Event "Titled Tue 10th Jun Late"]
[Site "chess.com INT"]
[Date "2025.06.10"]
[Round "5"]
[White "Arabidze, Meri"]
[Black "Mayaud, Raphael"]
[Result "1-0"]
[WhiteTitle "IM"]
[BlackTitle "CM"]
[WhiteElo "2440"]
[BlackElo "2126"]
[WhiteFideId "13604040"]
[BlackFideId "627151"]
[EventDate "2025.06.10"]

1. d4 d5 2. c4 c6 3. Nf3 Nf6 4. g3 Bf5 5. Nc3 e6 6. Nh4 dxc4 7. Nxf5 exf5 8. e3
b5 9. Qf3 Nd5 10. Qxf5 Qd7 11. Qe4+ Be7 12. Bg2 Nxc3 13. bxc3 O-O 14. O-O Qe6
15. Qxe6 fxe6 16. a4 bxa4 17. Rxa4 a5 18. Bd2 Ra6 19. Rfa1 Nd7 20. Rxa5 Rxa5 21.
Rxa5 Nf6 22. Bxc6 1-0

[Event "Titled Tue 10th Jun Late"]
[Site "chess.com INT"]
[Date "2025.06.10"]
[Round "5"]
[White "Paszewski, Mateusz"]
[Black "Rustamov, Rustam"]
[Result "0-1"]
[WhiteTitle "FM"]
[BlackTitle "FM"]
[WhiteElo "2361"]
[BlackElo "2334"]
[WhiteFideId "1141058"]
[BlackFideId "13440110"]
[EventDate "2025.06.10"]

1. Nf3 c5 2. c4 Nc6 3. g3 Nf6 4. Bg2 e5 5. Nc3 Be7 6. O-O O-O 7. Ne1 d6 8. Nc2
Be6 9. Ne3 Rc8 10. d3 a6 11. Rb1 Rb8 12. a3 Re8 13. b4 cxb4 14. axb4 Bf8 15.
Ned5 Bxd5 16. cxd5 Ne7 17. e4 Rc8 18. Bd2 Ng6 19. h3 Nd7 20. Kh2 Ne7 21. f4 exf4
22. gxf4 g6 23. f5 Bg7 24. Ne2 gxf5 25. exf5 Kh8 26. d4 Nf6 27. Bg5 h6 28. Bh4
Neg8 29. Qd2 Ng4+ 30. hxg4 Qxh4+ 31. Bh3 Nf6 32. Rg1 Ne4 33. Qf4 Ng5 0-1

[Event "Titled Tue 10th Jun Late"]
[Site "chess.com INT"]
[Date "2025.06.10"]
[Round "5"]
[White "Papasimakopoulos, Alexandros"]
[Black "Deichmann, Esteban Horacio"]
[Result "1-0"]
[WhiteTitle "IM"]
[WhiteElo "2366"]
[BlackElo "2103"]
[WhiteFideId "4244125"]
[BlackFideId "167410"]
[EventDate "2025.06.10"]

1. d4 c5 2. d5 g6 3. e4 Bg7 4. Bd3 d6 5. h3 e5 6. dxe6 Bxe6 7. Nf3 Nc6 8. O-O
Nge7 9. c4 O-O 10. Nc3 h6 11. Bf4 g5 12. Bg3 g4 13. hxg4 Bxg4 14. Be2 Bxf3 15.
Bxf3 Nd4 16. Bg4 Nec6 17. Nd5 Qg5 18. f4 Qd8 19. Rb1 Kh8 20. Bh3 Rg8 21. Qh5 Qf8
22. Bh4 f5 23. exf5 Qe8 24. Qxe8 Rgxe8 25. f6 Bf8 26. Nc7 Rac8 27. Nxe8 Rxe8 28.
Rbe1 Ne2+ 29. Kh2 Ncd4 30. Bg4 d5 31. f7 Re4 32. Rxe2 Rxe2 33. Bf6+ Kh7 34. Bxe2
Nxe2 35. Rf2 Kg6 36. Rxe2 Kxf6 37. cxd5 Kxf7 38. g4 Bd6 39. Kg3 b5 40. Kf3 c4
41. Re6 Bc5 42. Rxh6 b4 43. Rc6 c3 44. bxc3 b3 45. axb3 Bb6 46. Rxb6 1-0

[Event "Titled Tue 10th Jun Late"]
[Site "chess.com INT"]
[Date "2025.06.10"]
[Round "5"]
[White "Schnaider, Ilan"]
[Black "Ahmad, Al Khatib"]
[Result "1-0"]
[WhiteTitle "IM"]
[BlackTitle "GM"]
[WhiteElo "2388"]
[BlackElo "2172"]
[WhiteFideId "169013"]
[BlackFideId "8103178"]
[EventDate "2025.06.10"]

1. d4 d5 2. Nc3 a6 3. e4 c6 4. Bf4 Nf6 5. e5 Nfd7 6. Bd3 e6 7. Nce2 c5 8. c3 Nc6
9. Nf3 Be7 10. O-O g5 11. Be3 g4 12. Nd2 f5 13. exf6 Nxf6 14. Nf4 Qc7 15. dxc5
e5 16. Ne2 Be6 17. Ng3 e4 18. Bc2 h5 19. c4 h4 20. Ne2 O-O-O 21. Nf4 Bf7 22.
cxd5 Nxd5 23. Qxg4+ Kb8 24. Nxd5 Bxd5 25. Bxe4 Rdg8 26. Qf5 Bxe4 27. Nxe4 Rg7
28. Bf4 Rhg8 29. Bxc7+ Kxc7 30. Qf4+ Kc8 31. g3 Nd4 32. Nd6+ Bxd6 33. Qxd4 Bc7
34. Qxh4 Rg4 35. Qh3 Kb8 36. Rae1 R4g7 37. Re6 a5 38. Rfe1 1-0

[Event "Titled Tue 10th Jun Late"]
[Site "chess.com INT"]
[Date "2025.06.10"]
[Round "5"]
[White "Schernthaner, David"]
[Black "Deveci, Huseyin Said"]
[Result "0-1"]
[WhiteTitle "FM"]
[BlackTitle "CM"]
[WhiteElo "2401"]
[BlackElo "2212"]
[WhiteFideId "1649574"]
[BlackFideId "26322455"]
[EventDate "2025.06.10"]

1. b3 e5 2. Bb2 Nc6 3. e3 f5 4. Bb5 d6 5. d4 Bd7 6. Ne2 Nf6 7. O-O Qe7 8. c4 g6
9. a4 Bg7 10. a5 a6 11. Bxc6 Bxc6 12. d5 Bd7 13. Nbc3 e4 14. Nd4 Ng4 15. b4 Qg5
16. Nce2 Be5 17. Ne6 Bxh2+ 18. Kh1 Qh4 19. Nxc7+ Kf7 20. Bf6 Kxf6 21. Qd4+ Be5+ 0-1

[Event "Titled Tue 10th Jun Late"]
[Site "chess.com INT"]
[Date "2025.06.10"]
[Round "5"]
[White "Zlatin, Alexander"]
[Black "Sargsyan, Shant"]
[Result "0-1"]
[WhiteTitle "FM"]
[BlackTitle "GM"]
[WhiteElo "2313"]
[BlackElo "2669"]
[WhiteFideId "2810549"]
[BlackFideId "13306766"]
[EventDate "2025.06.10"]

1. e4 a6 2. d4 c6 3. f4 d5 4. e5 Nh6 5. Nf3 Bg4 6. h3 Bxf3 7. Qxf3 e6 8. Bd3 c5
9. c3 Nc6 10. Be3 Rc8 11. O-O cxd4 12. cxd4 Nb4 13. f5 Nxf5 14. Bxf5 exf5 15.
Qxf5 Qd7 16. Qxd7+ Kxd7 17. Nc3 Ke6 18. Rf2 Be7 19. a3 Nd3 20. Rd2 Nxb2 21. Rxb2
Rxc3 22. Rb6+ Rc6 23. Rxb7 h5 24. Rab1 f6 25. R1b6 Rc8 26. Bf4 g5 27. Bg3 h4 28.
Bh2 Bxa3 29. exf6 Kxf6 30. Be5+ Kf5 31. Rf7+ Ke4 32. Rb3 Rc3 33. Rf3 Rxb3 34.
Rxb3 Bc1 35. Kf1 Be3 36. Ke2 Rc2+ 37. Kd1 Rxg2 38. Ra3 Bxd4 39. Bd6 Be3 40. Rxa6
d4 41. Bc5 g4 42. hxg4 h3 43. Re6+ Kd3 44. Bb4 Rg1+ 45. Be1 h2 46. Rh6 h1=Q 47.
Rxh1 Rxh1 48. g5 Bd2 49. g6 Rxe1# 0-1

[Event "Titled Tue 10th Jun Late"]
[Site "chess.com INT"]
[Date "2025.06.10"]
[Round "5"]
[White "Sanal, Vahap"]
[Black "Vykouk, Jan"]
[Result "0-1"]
[WhiteTitle "GM"]
[BlackTitle "IM"]
[WhiteElo "2564"]
[BlackElo "2490"]
[WhiteFideId "6300545"]
[BlackFideId "349658"]
[EventDate "2025.06.10"]

1. e4 c5 2. Nf3 d6 3. Bb5+ Nd7 4. c3 a6 5. Ba4 Nf6 6. Qe2 b5 7. Bc2 Bb7 8. d4 e6
9. O-O Be7 10. Re1 Rc8 11. Bg5 h6 12. Bh4 Qc7 13. Bd3 g5 14. Bg3 Nh5 15. d5 e5
16. Nbd2 Nf4 17. Qe3 c4 18. Bc2 Bd8 19. Nf1 Qb8 20. Qd2 Bb6 21. Ne3 Nf6 22. Nf5
Kf8 23. a4 Rd8 24. axb5 axb5 25. h3 Bc8 26. Ne3 Rg8 27. Nh2 h5 28. f3 g4 29.
fxg4 hxg4 30. h4 N6h5 31. Nf1 Qc7 32. Qf2 Qe7 33. Bh2 g3 34. Nxg3 Qxh4 35. Nxh5
Nh3+ 0-1

[Event "Titled Tue 10th Jun Late"]
[Site "chess.com INT"]
[Date "2025.06.10"]
[Round "5"]
[White "Ansat, Aldiyar"]
[Black "Klepek, Witold"]
[Result "1-0"]
[WhiteTitle "IM"]
[BlackTitle "CM"]
[WhiteElo "2489"]
[BlackElo "2253"]
[WhiteFideId "13715658"]
[BlackFideId "1175068"]
[EventDate "2025.06.10"]

1. d4 Nf6 2. c4 e6 3. Nc3 c5 4. e3 cxd4 5. exd4 Bb4 6. Ne2 O-O 7. a3 Be7 8. Nf4
b6 9. Bd3 Bb7 10. O-O Nc6 11. d5 Ne5 12. Be2 exd5 13. Nfxd5 Rc8 14. b3 Re8 15.
Bb2 Nxd5 16. Nxd5 Bf8 17. Re1 Qg5 18. f4 Bc5+ 19. Kh1 Ng4 20. Bd4 Bxd4 21. Qxd4
Qh4 22. h3 Bxd5 23. cxd5 Ne3 24. Bd3 Qg3 25. Re2 1-0

[Event "Titled Tue 10th Jun Late"]
[Site "chess.com INT"]
[Date "2025.06.10"]
[Round "5"]
[White "Salman, Ilhan Serhat"]
[Black "Ngo, Quang Thai"]
[Result "1/2-1/2"]
[BlackTitle "FM"]
[WhiteElo "2092"]
[BlackElo "2326"]
[WhiteFideId "6361579"]
[BlackFideId "12403768"]
[EventDate "2025.06.10"]

1. e4 c5 2. d4 cxd4 3. Nf3 e6 4. Nxd4 Nf6 5. Nc3 Nc6 6. Nb3 d5 7. exd5 exd5 8.
Bg5 d4 9. Ne4 Be7 10. Nxf6+ Bxf6 11. Bxf6 Qxf6 12. Bd3 O-O 13. O-O Re8 14. Qd2
Be6 15. Rae1 Bd5 16. f3 h6 17. Rxe8+ Rxe8 18. Re1 Rxe1+ 19. Qxe1 Qe6 20. Qxe6
fxe6 21. Nc5 b6 22. Nb3 e5 23. a3 Kf7 24. Nd2 Ke6 25. Kf2 Ne7 26. Be4 Nf5 27.
Bxf5+ Kxf5 28. g4+ Kf4 29. c3 d3 30. c4 Bf7 31. b4 a5 32. c5 bxc5 33. bxc5 Bd5
34. a4 g6 35. h4 g5 36. h5 Bc6 37. Nf1 Bxf3 38. Ne3 d2 39. c6 d1=Q 40. Nxd1 Bxd1
41. c7 Bxg4 42. Ke1 Bc8 43. Ke2 g4 44. Kf2 g3+ 45. Kg2 e4 46. Kg1 e3 47. Kh1 e2
48. Kg2 e1=Q 1/2-1/2

[Event "Titled Tue 10th Jun Late"]
[Site "chess.com INT"]
[Date "2025.06.10"]
[Round "5"]
[White "Szpar, Milosz"]
[Black "Jarmula, Lukasz"]
[Result "1-0"]
[WhiteTitle "IM"]
[BlackTitle "GM"]
[WhiteElo "2495"]
[BlackElo "2440"]
[WhiteFideId "1184989"]
[BlackFideId "1160664"]
[EventDate "2025.06.10"]

1. e4 c5 2. Be2 g6 3. f4 Bg7 4. Nf3 d6 5. O-O Nc6 6. c3 Bg4 7. d3 Nh6 8. Be3 Qc7
9. Nbd2 O-O-O 10. a4 f5 11. h3 Bxf3 12. Bxf3 Nf7 13. Qb3 e5 14. exf5 gxf5 15.
Bd5 Rhf8 16. Nc4 exf4 17. Bxf4 Nfe5 18. a5 Bf6 19. a6 b6 20. Qb5 Ne7 21. Be6+
Kb8 22. Ne3 N5g6 23. Bh6 f4 24. Bxf8 fxe3 25. Bh6 Be5 26. Bxe3 d5 27. Bg5 Qd6
28. Bg4 h6 29. Bxh6 Nf4 30. Bxf4 Bxf4 31. Rae1 d4 32. cxd4 cxd4 33. Rxf4 Qxf4
34. Rxe7 Qc1+ 35. Kf2 Qf4+ 36. Ke2 1-0

[Event "Titled Tue 10th Jun Late"]
[Site "chess.com INT"]
[Date "2025.06.10"]
[Round "5"]
[White "Zou, Chen"]
[Black "Makridis, Dimitrios"]
[Result "1-0"]
[WhiteTitle "IM"]
[BlackTitle "FM"]
[WhiteElo "2443"]
[BlackElo "2283"]
[WhiteFideId "8610959"]
[BlackFideId "25864475"]
[EventDate "2025.06.10"]

1. Nf3 Nf6 2. d4 g6 3. c4 Bg7 4. Nc3 O-O 5. g3 c5 6. Bg2 e6 7. O-O cxd4 8. Nxd4
d5 9. cxd5 Nxd5 10. Nxd5 exd5 11. Be3 Re8 12. Qd2 Nc6 13. Nxc6 bxc6 14. Rfc1 Rb8
15. b3 Bxa1 16. Rxa1 Ba6 17. Bf3 Qe7 18. Rc1 Rbd8 19. Bd4 Qe6 20. e3 Qf5 21. Bg2
Bc8 22. Qb2 Qh5 23. h4 h6 24. Bh8 d4 25. Bxd4 Kh7 26. Rxc6 Be6 27. Rc1 Bd5 28.
Bxd5 Qxd5 29. b4 Rc8 30. Re1 Qf3 31. Qe2 Qe4 32. Qa6 Rc2 33. Qf6 1-0

[Event "Titled Tue 10th Jun Late"]
[Site "chess.com INT"]
[Date "2025.06.10"]
[Round "5"]
[White "Terron Elena, Francisco M."]
[Black "Bogaudinov, Rushan"]
[Result "1-0"]
[WhiteTitle "FM"]
[BlackTitle "FM"]
[WhiteElo "2148"]
[BlackElo "1912"]
[WhiteFideId "2210576"]
[BlackFideId "4129288"]
[EventDate "2025.06.10"]

1. e4 e6 2. d4 d5 3. Nc3 Nf6 4. e5 Nfd7 5. Nf3 c5 6. dxc5 Nc6 7. Bf4 Bxc5 8. Bd3
Qb6 9. O-O Qxb2 10. Nb5 Rb8 11. a3 Ncxe5 12. Nxe5 Nxe5 13. Rb1 Nxd3 14. Rxb2
Nxf4 15. Nc7+ Ke7 16. Qg4 Bd6 17. Nb5 Be5 18. Rbb1 Ng6 19. f4 Bf6 20. f5 Ne5 21.
Qb4+ Ke8 22. Qd6 Nc6 23. Nc7# 1-0